Histoire des États-Unis - Facile 🇺🇸 - Statistiques

Statistiques générales
  • Ce quiz a Ă©tĂ© pris 433 fois
  • Le rĂ©sultat moyen est 8 sur 10
Statistiques - réponses
Question Réponse % Correct
Quel est le symbole national des États-Unis? La Statue de la Liberté
100%
Quelle est la monnaie officielle des États-Unis? Le dollar américain
100%
Quelle est la capitale des États-Unis? Washington, D.C.
100%
Quel est le jour de l'indépendance des États-Unis? 4 juillet
97%
Combien y a-t-il d'États aux États-Unis? 50
97%
Qui a été le premier président des États-Unis? George Washington
97%
Quel célèbre événement s'est produit en 1773, lorsque les colons ont jeté du thé dans un port pour protester contre les taxes britanniques? La Boston Tea Party
69%
Quelle est la plus grande chaîne de montagnes aux États-Unis? Les Rocheuses
66%
Qui a écrit la Déclaration d'indépendance des États-Unis? Thomas Jefferson
63%
Quel est le plus grand lac des États-Unis en termes de superficie? Le lac Supérieur
44%
Aucun quiz correspondant
Distribution des résultats
% des personnes avec chaque résultat
Percentile par nombre de réponses
Votre historique - résultats
Vous n’avez pas pris ce quiz